A report on aquaculture in Cambodia
Đã lưu trong:
| 主要作者: | |
|---|---|
| 格式: | 圖書 |
| 語言: | Undetermined |
| 出版: |
India
University of Agricultural Sciences
1991
|
| 主題: | |
| 標簽: |
添加標簽
沒有標簽, 成為第一個標記此記錄!
|
| Thư viện lưu trữ: | Trung tâm Học liệu Trường Đại học Cần Thơ |
|---|
| LEADER | 00529nam a2200181Ia 4500 | ||
|---|---|---|---|
| 001 | CTU_150584 | ||
| 008 | 210402s9999 xx 000 0 und d | ||
| 082 | |a 639.31 | ||
| 082 | |b N175 | ||
| 100 | |a Nandeesha, M. C. | ||
| 245 | 2 | |a A report on aquaculture in Cambodia | |
| 245 | 0 | |c M. C. Nandeesha | |
| 260 | |a India | ||
| 260 | |b University of Agricultural Sciences | ||
| 260 | |c 1991 | ||
| 650 | |a Aquaculture,Nuôi trồng thủy sản | ||
| 904 | |i Trọng Hải | ||
| 980 | |a Trung tâm Học liệu Trường Đại học Cần Thơ | ||